000 00940nam a2200265 a 4500
001 000023425
003 DO-SdBNP
005 20250421103405.0
008 101207s1970 fr r 000 0 spa d
040 _aDO-SdBNP
_bspa
_cBNPHU
049 _aBNGR
082 _a346.044
_bK21c
100 1 _aKautsky, karl
_948255
245 1 3 _ala cuestión agraria :
_bestudio de las tendencias de la agricultura moderna y de la política agraria de la socialdemocracia /
_cKarl Kautsky ; prólogo Ernst Schraepler.
260 _aParís :
_bRuedo Ibérico,
_c1970.
300 _axxxviii, 501 p. ;
_c22 cm.
490 1 _aBiblioteca de cultura socialista
500 _aIncluye notas al pie de las páginas.
650 0 _aDerecho agrario
_948256
650 0 _aReforma agraria
_948267
650 0 _aAgricultura y estado
_936241
700 1 _aSchraepler, Ernst,
_epról.
_948268
830 0 _aBiblioteca de cultura socialista
_948269
942 _2ddc
_cLBS1
999 _c22922
_d22922